000 00289nam a2200121Ia 4500
008 190216s9999||||xx |||||||||||||| ||und||
100 _aRengasamy P
245 0 _aPaths Of Glory An Anthology Of Biographies
260 _bMacmillan
_c1984
300 _a65
650 _aEnglish
942 _cBK
999 _c13578
_d13578